Memoria presentada por la Comisión Provincial de Granada y leída por su vicepresidente ... D. José de Rojas Garvayo a la Excma. Diputación en su sesión ordinaria del segundo período semestral de 1875-76 celebrada en 19 de abril de 1876 (Record no. 154752)
[ view plain ]
| 000 -LEADER | |
|---|---|
| campo de control de longitud fija | 01232nam a22002415i 4500 |
| 001 - NÚMERO DE CONTROL | |
| campo de control | 154752 |
| 003 - IDENTIFICADOR DE NÚMERO DE CONTROL | |
| campo de control | ES-MaACL |
| 005 - FECHA Y HORA DE LA ÚLTIMA TRANSACCIÓN | |
| campo de control | 20250714063114.0 |
| 008 - DATOS DE LONGITUD FIJA--INFORMACIÓN GENERAL | |
| campo de control de longitud fija | 050720s1876 sp | |||||||| ||spa d |
| 040 ## - FUENTE DE CATALOGACIÓN | |
| Centro catalogador/agencia de origen | CAM |
| Lengua de catalogación | spa |
| Centro/agencia transcriptor | CAM |
| 110 1# - ENTRADA PRINCIPAL--NOMBRE DE ENTIDAD CORPORATIVA | |
| Nombre de entidad corporativa o nombre de jurisdicción como elemento de entrada | Granada (Provincia). |
| Unidad subordinada | Diputación Provincial. |
| Término indicativo de función/relación | entidad responsable |
| 9 (RLIN) | 4488 |
| 245 10 - MENCIÓN DEL TÍTULO | |
| Título | Memoria presentada por la Comisión Provincial de Granada y leída por su vicepresidente ... D. José de Rojas Garvayo a la Excma. Diputación en su sesión ordinaria del segundo período semestral de 1875-76 celebrada en 19 de abril de 1876 |
| 260 ## - PUBLICACIÓN, DISTRIBUCIÓN, ETC. | |
| Lugar de publicación, distribución, etc. | Granada : |
| Nombre del editor, distribuidor, etc. | Imp. y Lib. de D. Paulino V. Sabatel, |
| Fecha de publicación, distribución, etc. | 1876. |
| 300 ## - DESCRIPCIÓN FÍSICA | |
| Extensión | 31 páginas ; |
| Dimensiones | 25 cm. |
| 530 ## - NOTA DISPONIBLE DE FORMULARIO FÍSICO ADICIONAL | |
| Nota de formato físico adicional disponible | Disponible en formato digital |
| 700 1# - ENTRADA AGREGADA--NOMBRE PERSONAL | |
| Nombre de persona | Rojas Garvayo, José de |
| 9 (RLIN) | 132000 |
| 852 ## - LOCALIZACIÓN | |
| Ubicación | ES-MaACL |
| Ubicación en estantería | Depósito 2 |
| Donativo/Legado | Donativo Roda |
| Número de control de estantería | L-4912(20-7) |
| Encuadernación | Holandesa conservando cub. original |
| 852 ## - LOCALIZACIÓN | |
| Ubicación | ES-MaACL |
| Ubicación en estantería | Depósito folletos |
| Donativo/Legado | Donativo Roda |
| Número de control de estantería | T-1439-F-1 |
| Encuadernación | Enc. en un vol. facticio |
| -- | Holandesa conservando cub. original |
| 856 ## - LOCALIZACIÓN Y ACCESO ELECTRÓNICOS | |
| Identificador Uniforme de Recursos | <a href="http://hdl.handle.net/10481/18116">http://hdl.handle.net/10481/18116</a> |
| Estado de acceso | Versión en línea |
| Nota pública | (Ilíberis: fondo bibliográfico histórico de la Universidad de Granada) |
| 942 ## - ELEMENTOS DE ENTRADA SECUNDARIOS (KOHA) | |
| Fuente del sistema de clasificación o colocación | Clasificación decimal universal |
| Tipo de ítem Koha | Folleto |
| Suprimir en OPAC | No |
| Estatus retirado | Estado de pérdida | Fuente del sistema de clasificación o colocación | Estado de daño | No para préstamo | Colección | Biblioteca de origen | Biblioteca actual | Ubicación en estantería | Fecha de adquisición | Fuente de adquisición | Total de préstamos | Signatura topográfica completa | Código de barras | Visto por última vez | Tipo de ítem Koha |
|---|---|---|---|---|---|---|---|---|---|---|---|---|---|---|---|
| Clasificación decimal universal | Colección de folletos | Biblioteca del Ateneo de Madrid | Biblioteca del Ateneo de Madrid | Depósito folletos | 17/01/2008 | Donación | T-1439-F-1 | 1161862 | 23/02/2023 | Folleto | |||||
| Clasificación decimal universal | Libros del s. XIX | Biblioteca del Ateneo de Madrid | Biblioteca del Ateneo de Madrid | Depósito 2 | 17/01/2008 | Donación | L-4912(20-7) | 1161861 | 23/02/2023 | Libro impreso antiguo |
